|
|
|
|
| LEADER |
00000cas a2200000 a 4500 |
| 001 |
vtls010100862 |
| 003 |
SK-MaSNL |
| 005 |
20260228160004.0 |
| 008 |
160609c20109999xo mr|p 0 b0slo |
| 040 |
|
|
|a SVKBB
|b slo
|c SVKBB
|d SNK
|e AACR2
|
| 041 |
0 |
|
|a slo
|
| 043 |
|
|
|a e-xo---
|
| 044 |
|
|
|a xo
|c SK
|
| 072 |
|
7 |
|a 678
|x Priemysel makromolekulárnych látok. Gumárenský priemysel. Priemysel plastov
|2 konspekt
|
| 080 |
|
|
|a 050
|2 2001
|
| 080 |
|
|
|a 678
|2 2001
|
| 080 |
|
|
|a 070.489
|2 2001
|
| 245 |
0 |
0 |
|a Continoviny
|b noviny zamestnancov spoločností Continental Matador Rubber, s.r.o., Continental Matador Truck Tires s.r.o.
|
| 246 |
1 |
3 |
|a Conti noviny
|
| 260 |
|
|
|a Púchov
|b Continental Matador Truck Tires
|c 2010
|
| 300 |
|
|
|a 1 zv.
|c 42 cm
|
| 310 |
|
|
|a 1x mesačne
|
| 362 |
0 |
|
|a Roč. 3, č. 2 (23. febr. 2010)-roč. 3, č. 7 (22. júl 2010)
|
| 500 |
|
|
|a Zodpovedná tedaktorka: (2008-2010), Zdena Justusová
|
| 610 |
2 |
7 |
|a Continental Matador (Púchov, Slovensko)
|2 SNKPH
|9 265716
|
| 655 |
|
7 |
|a podnikové periodiká
|2 SNKPH
|9 132333
|
| 700 |
1 |
|
|a Justusová, Zdena
|4 pbd
|9 265717
|
| 780 |
0 |
0 |
|t Continental Matador
|w vtls009182854
|
| 852 |
|
|
|a Štátna vedecká knižnica v Banskej Bystrici
|
| 910 |
|
|
|a snk
|
| 916 |
|
|
|a č.2-7/2010
|
| 958 |
|
|
|a OND
|
| 999 |
|
|
|c 1065
|d 2995
|
| 952 |
|
|
|0 0
|1 0
|4 0
|7 0
|8 0
|a SNK
|b SNK
|d 2015-10-13
|f 1
|i snk2015/28552
|l 0
|o snkČSA 1399/3/2010
|p 17A1146605
|r 2026-02-21 20:53:13
|t č. 2-7
|w 2026-02-21
|y PREZ
|
| 952 |
|
|
|0 0
|1 0
|4 0
|7 0
|8 0
|a SNK
|b SNK
|d 2015-10-13
|i snk2015/28553
|l 0
|o snkČSA 1399/3/2010 D1
|p 17A1146606
|r 2026-02-21 20:53:14
|t č. 2-7
|w 2026-02-21
|y PREZ
|